| 000 | 00735nam a2200217 a 4500 | ||
|---|---|---|---|
| 001 | 000022255 | ||
| 005 | 20200930011643.0 | ||
| 008 | 100921s1998 dr 001 f spa d | ||
| 040 |
_aDO-SdBNP _bspa _cBNPHU |
||
| 082 |
_a863.62 _bU54t, 1998 |
||
| 100 | 1 |
_aUnamuno, Miguel de, _d1864-1936 _96254 |
|
| 245 | 1 | 0 |
_aTres novelas ejemplares y un prólogo / _cMiguel de Unamuno. |
| 250 | _a2ª ed. dominicana | ||
| 260 |
_aSanto Domingo : _bAlfa y Omega, _c1998. |
||
| 300 |
_a141 p. ; _c21 cm. |
||
| 505 | 0 |
_tPrólogo -- _tDos madres -- _tEl marqués de Lumbria -- _tNada menos que todo un hombre. |
|
| 650 | 4 |
_aNovela española _91123 |
|
| 650 | 4 |
_aLiteratura española _9632 |
|
| 910 | _aValidado. Control de calidad EMS | ||
| 049 | _aBNPD | ||
| 999 |
_c21753 _d21753 |
||